000 00255nam a22001217a 4500
008 170221b xxu||||| |||| 00| 0 eng d
041 _aeng
080 _24TH
_a615
100 _a5
101 _aSHF
245 _aPHARMACOGNOSY
_cCLAUS, E.P
942 _2udc
_cBK
999 _c6003
_d6003